000 00587nam a2200181Ia 4500
001 8609
005 20260306160622.0
008 260306t2013||||xx |||||||||||||| ||spa||
041 _aESP
082 _a371.2
_bI59
100 _aInstituto Peruano de Evaluación Acreditación y Certificación de la Calidad de la Educación Básica
_eAUT
245 0 _a¿Cómo evaluamos nuestro CETPRO?:
_bguía de autoevaluación de la gestión educativa de centros de educación técnico productiva
260 _c2013
300 _a
_c
650 _aGEN
654 _aCED
942 _cLIB
_dJUS
_fJUS
_2ddc
_n
999 _c8609
_d8609